Epidemiology study design and data analysis

Na minha lista:
Detalhes bibliográficos
Autor principal: Woodward, Mark
Formato: Livro
Idioma:Undetermined
Publicado em: Boca Raton Chapman & Hall/CRC 2005
Assuntos:
Tags: Adicionar Tag
Sem tags, seja o primeiro a adicionar uma tag!
Thư viện lưu trữ: Trung tâm Học liệu Trường Đại học Cần Thơ
LEADER 00541nam a2200205Ia 4500
001 CTU_88835
008 210402s9999 xx 000 0 und d
020 |c 1199000 
082 |a 614.4 
082 |b W911 
100 |a Woodward, Mark 
245 0 |a Epidemiology study design and data analysis 
245 0 |c Mark Woodward 
260 |a Boca Raton 
260 |b Chapman & Hall/CRC 
260 |c 2005 
650 |a Epidemiology 
650 |x Statistical methods 
904 |i Truc 
980 |a Trung tâm Học liệu Trường Đại học Cần Thơ